000
00345nam a2200145Ia 4500
005
20250423101632.0
008
250422s9999 xx 000 0 und d
020
_a
0- 88022- 332- 4
050
_a
HF 5548.4 .L67 E967/
245
0
_a
Using 1-2-3 special edition
260
_b
Que corporation
260
_c
1987
300
_a
905 p
942
_c
BK
999
_c
36825
_d
36825